Normal view
MARC view
- K Venkata Reddy
Entry Personal Name
001 - CONTROL NUMBER
- control field: 15003
003 - CONTROL NUMBER IDENTIFIER
- control field: OSt
005 - DATE AND TIME OF LATEST TRANSACTION
- control field: 20260522215216.0
008 - FIXED-LENGTH DATA ELEMENTS
- fixed length control field: 260522|| aca||aabn | a|a d
040 ## - CATALOGING SOURCE
- Original cataloging agency: OSt
- Transcribing agency: OSt
100 ## - HEADING--PERSONAL NAME
- Personal name: K Venkata Reddy
670 ## - SOURCE DATA FOUND
- Source citation: Work cat.: (OSt)759806: Muninarayanappa, M 15001, Development of Scheduled Castes and Scheduled Tribes:, 2025.
